Preußen A-Z - Statistiken

Allgemein
  • Dieses Quiz wurde 1.226 mal gespielt
    1.194 seit der letzten Aktualisierung
  • Das Durchschnittsergebnis liegt bei 11 aus 26
Antwortstatistiken
# Hinweis Antwort % Korrekt
B Hauptstadt Berlin
98%
J Nenne entweder den preußischen Herzog von 1603-08 oder von 1608-1619 Joachim Friedrich | Johann Sigismund
89%
E Rheinisch-Westfälische Großstadt Essen
82%
R Land welches Preußen während des Siebenjährigen Krieges besetzte Russland
65%
K Hauptstadt des Herzogtums Preußen Königsberg
61%
X Preußische Kleinstadt am Niederrhein Xanten
61%
H Dynastie welcher die Herrscher Preußens angehörten 1525-1918 Hohenzollern
59%
D Spitzname Friedrichs II. Der alte Fritz
58%
S Gebiet welches in drei Kriegen 1740-63 gewonnen wurde Schlesien
51%
Q Preußische Kleinstadt nördlich des Harzes Quedlinburg
50%
G Preußische Kolonie an der Goldküste 1683-1717 Groß Friedrichsburg
45%
C Richtung des Protestantismus dem die preußischen Könige bis 1817 angehörten Calvinismus
44%
N 1920 an Dänemark verlorenes Gebiet Nordschleswig
42%
O Preußische Provinz von 1815-29 und 1878-1945 Ostpreußen
42%
I Offizieller Titel der preußischen Könige 1701-72 König {in} {Preußen}
33%
F Name von vier preußischen Königen und einem preußischen Herzog Friedrich Wilhelm
31%
U Land dessen Armee maßgeblich von dem preußischen General von Steuben geprägt wurde USA
28%
V Epoche der preußischen und deutschen Geschichte 1830-48 Vormärz
28%
L Herzogtum welches nach dem Deutsch-Dänischen Krieg 1864 und der Gasteiner Konvention 1865 preußisch wurde Lauenburg
25%
M Herzogtum welches 1680 preußisch wurde Magdeburg
23%
W Region in der die preußische Grafschaft Mark liegt Westfalen
20%
T Vertrag durch den Preußen mehr als die Hälfte seines Territoriums und seiner Einwohner verlor Friede von {Tilsit}
18%
Y Bedeutender preußischer Generalfeldmarschall während der Befreiungskriege Nach ihm wurde ein 1809 von Beethoven komponierter Marsch benannt Yorck von Wartenburg
18%
P Östlichste preußische Provinz 1829-78 Preußen
17%
Z Krieg in Böhmen & Schlesien 1744-45 {Zweiter} {Schlesischer} Krieg
12%
A Patron des Herzogtums Preußen Adalbert von Prag
11%
Keine übereinstimmenden Quizze gefunden
Verteilung der Resultate
Anzahl Personen mit jedem Resultat
Perzentil nach korrekt beantworteten Fragen
Ihre Resultats-Entwicklung
Sie haben dieses Quiz seit der letzten Aktualisierung nicht gespielt